000
00257nam a2200097Ia 4500
001
688840
005
20250826161623.0
008
250824s9999 xx 000 0 und d
245
0
_a
İLKLER VE ENTERESAN HİKAYELERİ
_c
ÇİĞDEM CAN
260
_b
TİMAŞ YAYINLARI
999
_c
688840
_d
688840